Business statistics / (Record no. 54206)

MARC details
000 -LEADER
fixed length control field 00834nam a22002537a 4500
005 - DATE AND TIME OF LATEST TRANSACTION
control field 20110721165316.0
008 - FIXED-LENGTH DATA ELEMENTS--GENERAL INFORMATION
fixed length control field 110721t xxu||||| |||| 00| 0 eng d
010 ## - LCCN (DPL NO)
LC control number ENG-103101
020 ## - INTERNATIONAL STANDARD BOOK NUMBER
International Standard Book Number 9788191064230
Terms of availability 345.00
035 ## - SYSTEM CONTROL NUMBER
System control number EN-86634
037 ## - SOURCE OF ACQUISITION
Source of stock number/acquisition DBAD / PUB
040 ## - CATALOGING SOURCE
Original cataloging agency dpl
Language of cataloging English
082 ## - DEWEY DECIMAL CLASSIFICATION NUMBER
Classification number 519.5
100 ## - MAIN ENTRY--PERSONAL NAME
Personal name Khandelwal, S.K.
9 (RLIN) 29868
245 ## - TITLE STATEMENT
Title Business statistics /
Statement of responsibility, etc by S.K. khandelwal
260 ## - PUBLICATION, DISTRIBUTION, ETC. (IMPRINT)
Place of publication, distribution, etc New Delhi
Name of publisher, distributor, etc International Book House
Date of publication, distribution, etc 2010
270 ## - ADDRESS
Address 2/42, Ansar Road, Darya Ganj
City New Delhi
Postal code 110002
300 ## - PHYSICAL DESCRIPTION
Extent 534p.
Dimensions 25cm (pbk)
650 ## - SUBJECT ADDED ENTRY--TOPICAL TERM
9 (RLIN) 29869
651 ## - SUBJECT ADDED ENTRY--GEOGRAPHIC NAME
9 (RLIN) 1549
700 ## - ADDED ENTRY--PERSONAL NAME
9 (RLIN) 29871
942 ## - ADDED ENTRY ELEMENTS (KOHA)
Source of classification or shelving scheme Dewey Decimal Classification
Item type English Books
Classification part 519.5
Call number suffix KHA
Holdings
Withdrawn status Lost status Source of classification or shelving scheme Damaged status Not for loan Collection code Home library Current library Date acquired Source of acquisition Cost, normal purchase price Total Checkouts Full call number Barcode Date last seen Copy number Cost, replacement price Koha item type
    Dewey Decimal Classification   Not For Loan Non-fiction D.B.Act.Division D.B.Act.Division 21/07/2011 DBAD/PUB 345.00   519.5 KHA EN-86634 21/07/2011 1 345.00 English Books

© Delhi Public Library
Hit Counter
free hit counter